000 00352nam a22001457a 4500
003 SGT
020 _a978-1-58829-716-7
082 _a615.1
_bPON
100 _aPONG, SUSANNA WU-
245 _aBIOPHARMACEUTICAL DRUG DESIGN IN AND DEVELOPMENT
260 _aUSA
_bHUMANA PRESS
_c2008
300 _a375
650 _aBIOPHARMACEUTICAL
942 _2ddc
_cBK
999 _c33110
_d33110